=LDR 00000nam 2200000 4500 =001 INLIS000000000023913 =005 20130612122531 =008 ***********************************Ind** =035 ##$$0010-061300000023913 =041 ##$$a Ind =082 ##$$a 903 =090 ##$$a 903, Mar k =100 ##$$a Marbun, M.A =245 ##$$a Kamus geografi, M.a Marbun =260 ##$$a 1984 $b Jakarta =300 ##$$a 176 hlm, 21 cm =650 ##$$a Geografi - Kamus =850 ##$$a NBPNMAT